| 000 | 00579nam a2200193 a 4500 | ||
|---|---|---|---|
| 005 | 20220915064154.0 | ||
| 008 | 080311s2007 mx r 000 0 spa d | ||
| 020 | _a9789583025631 | ||
| 035 | _aUPN01000154996 | ||
| 049 | _aCG | ||
| 050 | 4 |
_aPQ8180.28 O4.2 _bE6 |
|
| 100 | 1 |
_aRomán, Celso, _d1947- _937965 |
|
| 245 | 1 | 0 |
_aEntre amigos / _cCelso Román ; il. Carlos Manuel Díaz Consuegra. |
| 260 |
_aBogotá : _bPanamericana, _c2007. |
||
| 300 |
_a179 p. : _bil. col. |
||
| 650 | 7 |
_aCuentos colombianos _2 _96585 |
|
| 650 | 0 |
_aAmistad en la literatura _910763 |
|
| 905 | _aLibro | ||
| 999 |
_c127112 _d127112 |
||